书目信息 |
| 题名: |
生命科学是什么
|
|
| 作者: | 本庶佑 著 ;徐灵芝 译 | |
| 分册: | ||
| 出版信息: | 北京 中信出版集团股份有限公司 2020 |
|
| 页数: | 13,247页 | |
| 开本: | 19cm | |
| 丛书名: | ||
| 单 册: | ||
| 中图分类: | Q1-0 , Q1 | |
| 科图分类: | ||
| 主题词: | 生命科学--普及读物 , 普通生物学 | |
| 电子资源: | ||
| ISBN: | 978-7-5217-2155-3 | |
| 000 | 00980nam0 2200289 450 | |
| 001 | 2159688541 | |
| 005 | 20211116163453.60 | |
| 010 | @a978-7-5217-2155-3@b精装@dCNY58.00 | |
| 035 | @a010293574 | |
| 049 | @aA441900DGL@bUCS01010293574@c3691170 | |
| 100 | @a20210420d2020 em y0chiy0110 ea | |
| 101 | 1 | @achi@cjpn |
| 102 | @aCN@b110000 | |
| 105 | @aa z 000yy | |
| 200 | 1 | @a生命科学是什么@9sheng ming ke xue shi shen me@b专著@f(日)本庶佑著@g徐灵芝译 |
| 210 | @a北京@c中信出版集团股份有限公司@d2020 | |
| 215 | @a13,247页@c图,照片@d19cm | |
| 305 | @a日本讲谈社授权出版 | |
| 330 | @a本书作者阐述了生命科学的影响和贡献,展望生命科学家将会给社会带来什么样的变化;关于生命本身和人类的未来,诚恳地与读者分享了自己的真知灼见。 | |
| 606 | 0 | @a生命科学@j普及读物 |
| 606 | 0 | @a普通生物学 |
| 690 | @aQ1-0@v5 | |
| 690 | @aQ1@v4 | |
| 701 | 0 | @c(日)@a本庶佑@9ben shu you@4著 |
| 702 | 0 | @a徐灵芝@9xu ling zhi@4译 |
| 801 | 0 | @aCN@b山东中教@c20211112 |
| 905 | @aZUCC@dQ1@e10 | |
| 生命科学是什么/(日)本庶佑著/徐灵芝译.-北京:中信出版集团股份有限公司,2020 |
| 13,247页:图,照片;19cm |
| ISBN 978-7-5217-2155-3(精装):CNY58.00 |
| 本书作者阐述了生命科学的影响和贡献,展望生命科学家将会给社会带来什么样的变化;关于生命本身和人类的未来,诚恳地与读者分享了自己的真知灼见。 |
| ● |
| 相关链接 |
|
|
|
正题名:生命科学是什么
索取号:Q1/10
 
预约/预借
| 序号 | 登录号 | 条形码 | 馆藏地/架位号 | 状态 | 备注 |
| 1 | 2000888157 | 2000888157 | 第三书库/ [索取号:Q1/10] | 在馆 | |
| 2 | 2000888158 | 2000888158 | 第三书库/ [索取号:Q1/10] | 在馆 | |
| 3 | 2000888159 | 2000888159 | 第三书库/ [索取号:Q1/10] | 在馆 |